000 00693nam a2200253Ia 4500
003 OSt
005 20221005052639.0
006 a|||||r|||| 00| 0
007 ta
008 221004b |||||||| |||| 00| 0 eng d
024 _a69444
037 _cTextual
040 _aCRL
_cCRL
_beng
041 _2eng
_aeng
082 _aY:393:(P111:4k), M4
100 _aHill Anne
_9400650
245 0 _aDictionary of communication and media studies
260 _aLondon
_bEdward Arnold
_c1984
300 _a184p.
_ccm.
650 _aSOCIOLOGY
700 _a Watson James
942 _hY:393:(P111:4k), M4
_cTEXL
_2cc
999 _c960749
_d960749